|
|
|
|
| LEADER |
00000cam a2200000 a 4500 |
| 001 |
vtls001479133 |
| 003 |
SK-MaSNL |
| 005 |
20260301163803.0 |
| 008 |
240226s2004 xo a f 100 0 slo |
| 015 |
|
|
|a SNBA2004/08-04463
|
| 020 |
|
|
|a 8080731306
|
| 035 |
|
|
|a SNK000434431
|
| 035 |
|
|
|a urn:nbn:sk:snk-amk3tv
|
| 035 |
|
|
|a urn:nbn:sk:snk-am005dd8
|
| 035 |
|
|
|a D53F9ABF-2630-4FF3-BD9A-844A8C9A6597
|
| 040 |
|
|
|a SNK
|b slo
|c SNK
|e AACR2
|
| 041 |
0 |
|
|a slo
|
| 044 |
|
|
|a xo
|c SK
|
| 080 |
|
|
|a 620.193(082)=00
|2 1981
|
| 080 |
|
|
|a 620.9
|2 1981
|
| 080 |
|
|
|a (063)
|2 1981
|
| 111 |
2 |
|
|a Korózia v energetike
|n (18. :
|d 2004 :
|c Košice, Slovensko)
|4 aut
|9 237863
|
| 245 |
1 |
0 |
|a Korózia v energetike 2004
|b zborník prednášok 18. medzinárodnej konferencie, 25.-26. máj 2004 Košice
|c [editors: Stanislav Tuleja, Jaroslav Kocich, Jarmila Ševčíková]
|
| 246 |
1 |
0 |
|a Corrosion in Power Industry 2004
|
| 250 |
|
|
|a 1. vyd.
|
| 260 |
|
|
|a V Košiciach
|b Technická univerzita
|c 2004
|
| 300 |
|
|
|a 163 s.
|b grafy, fotogr., sch., tab.
|c 21 cm
|
| 500 |
|
|
|a Čiast. text angl., čes., poľ.
|
| 500 |
|
|
|a Súbež. názov angl.
|
| 500 |
|
|
|a Res. angl., slov.
|
| 500 |
|
|
|a 90 výtl.
|
| 504 |
|
|
|a Bibliogr. odkazy
|
| 650 |
0 |
7 |
|a korózia
|2 SNK
|9 3937
|
| 650 |
0 |
7 |
|a energetika
|2 SNK
|9 3680
|
| 650 |
0 |
7 |
|a náuka o materiáli
|2 SNK
|9 3657
|
| 655 |
|
7 |
|a zborníky konferencií
|2 SNKPH
|9 70153
|
| 700 |
1 |
|
|a Tuleja, Stanislav,
|d 1941-
|4 edt
|9 205455
|
| 700 |
1 |
|
|a Kocich, Jaroslav,
|d 1930-
|4 edt
|9 6734
|
| 700 |
1 |
|
|a Ševčíková, Jarmila,
|d 1945-
|4 edt
|9 255282
|
| 752 |
|
|
|d Košice
|
| 919 |
|
|
|a 80-8073-130-6
|
| 958 |
|
|
|a OND
|
| 958 |
|
|
|a NB
|
| 999 |
|
|
|c 818269
|d 820199
|
| 952 |
|
|
|a SNK
|b SNK
|y PREZ
|7 0
|p 17A0438647
|o snkSC 116861
|i snkKSP 10412/2004
|0 0
|1 0
|4 0
|d 2004-08-03
|f 1
|l 0
|r 2025-10-16 00:00:00
|w 2026-02-24
|
| 952 |
|
|
|a SNK
|b SNK
|y VYP
|7 0
|p 17A0438646
|o snkSC 116861 D1
|i snkKSP 10413/2004
|0 0
|1 0
|4 0
|d 2004-08-03
|l 0
|r 2005-01-02 00:00:00
|w 2026-02-24
|